| 000 | 00555nam a2200217Ia 4500 | ||
|---|---|---|---|
| 005 | 20251020182547.0 | ||
| 008 | 200515s9999 xx 000 0 und d | ||
| 020 | _a978-3-8365-3074-3 | ||
| 082 | _a747:749.9/J63S | ||
| 100 | _aJodidio, Philip | ||
| 245 | 0 | _aShigeru Ban | |
| 260 | _aColonia | ||
| 260 | _bTaschen | ||
| 300 | _a94 p. | ||
| 300 | _bil. | ||
| 520 | _aSu obra se caracteriza por el uso de materiales no convencionales, como papel o plásticos | ||
| 650 | _aARQUITECTOS | ||
| 650 | _aSHIGERU BAN | ||
| 942 | _cLIB | ||
| 999 |
_c2591 _d2591 |
||